Deutsche Mittelstädte die früher über 100.000 Einwohner hatten - Statistiken

Allgemein
  • Dieses Quiz wurde 136 mal gespielt
  • Das Durchschnittsergebnis liegt bei 6 aus 11
Antwortstatistiken
# Einwohner Letztes Mal über 100.000 Stadt % Korrekt
2 98.359 2018 Cottbus
81%
1 99.292 2019 Kaiserslautern
73%
7 86.592 2003 Zwickau
73%
4 95.740 2001 Schwerin
72%
5 91.368 2009 Gera
67%
8 78.731 1990 Dessau-Roßlau
58%
11 55.519 1951 Görlitz
51%
6 91.113 1952 Flensburg
44%
10 63.372 1945 Plauen
44%
3 95.107 2007 Witten
42%
9 75.027 1979 Wilhelmshaven
41%
Keine übereinstimmenden Quizze gefunden
Verteilung der Resultate
Anzahl Personen mit jedem Resultat
Perzentil nach korrekt beantworteten Fragen
Ihre Resultats-Entwicklung
Sie haben dieses Quiz noch nicht gespielt